<?xml version="1.0" encoding="UTF-8"?>
<marc:record xmlns:marc="http://www.loc.gov/MARC21/slim">
   <marc:leader>00000nam a2200000 a 4500</marc:leader>
   <marc:datafield ind1="1" ind2=" " tag="100">
      <marc:subfield code="a">Weißenstein, Mary</marc:subfield>
      <marc:subfield code="4">aut</marc:subfield>
      <marc:subfield code="e">Verfasser/-in</marc:subfield>
   </marc:datafield>
   <marc:datafield ind1=" " ind2=" " tag="653">
      <marc:subfield code="a">Historische Romane und Erzählungen</marc:subfield>
   </marc:datafield>
   <marc:datafield ind1="0" ind2="0" tag="245">
      <marc:subfield code="a">Der Kaffeesieder-Putsch</marc:subfield>
   </marc:datafield>
   <marc:datafield ind1="0" ind2="0" tag="245">
      <marc:subfield code="b">Historischer Roman</marc:subfield>
   </marc:datafield>
   <marc:datafield ind1="0" ind2="0" tag="245">
      <marc:subfield code="c">Mary Weißenstein</marc:subfield>
   </marc:datafield>
   <marc:datafield ind1=" " ind2="1" tag="264">
      <marc:subfield code="a">Norderstedt</marc:subfield>
      <marc:subfield code="b">Books on Demand</marc:subfield>
      <marc:subfield code="c">2016</marc:subfield>
   </marc:datafield>
   <marc:datafield ind1="1" ind2=" " tag="520">
      <marc:subfield code="a">Angaben aus der Verlagsmeldung

Der Kaffeesieder-Putsch : Historischer Roman / von Mary Weißenstein

Die Konkurrenz um den Bau von Schloss Schönbrunn hat sich zu einem Kampf um Leben und Tod entwickelt. Eine reiche adelige Clique verfolgt einen perfiden Plan, verleumdet den jungen Baumeister Fischer und bringt ihn an den Rand des Ruins. Doch wer hasst ihn so, dass er sogar der protestantischen Ketzerei beschuldigt wird? Darauf steht der Tod oder die lebenslange Verbannung. Wer hat ihn in die Falle gelockt?
Im Kaffeehaus des Kolschitzky formiert sich der Widerstand gegen das Treiben der Adeligen. Die Kaffeesieder und die Maurerzunft ziehen an einem Strang. Alles kommt darauf an, dass sie noch rechtzeitig den Zeugen finden, der den Baumeister entlasten kann.
</marc:subfield>
   </marc:datafield>
   <marc:datafield ind1=" " ind2=" " tag="020">
      <marc:subfield code="a">9783743183872</marc:subfield>
      <marc:subfield code="9">9783743183872</marc:subfield>
   </marc:datafield>
   <marc:datafield ind1=" " ind2=" " tag="041">
      <marc:subfield code="a">ger</marc:subfield>
   </marc:datafield>
   <marc:datafield ind1=" " ind2=" " tag="300">
      <marc:subfield code="a">Online-Ressource</marc:subfield>
   </marc:datafield>
</marc:record>
